Statistics for Top 15 Countries with Covid-19 Cases - 24 November 2021

Click here to take the quiz!

General Stats

  • This quiz has been taken 18 times
  • The average score is 17 of 28

Answer Stats

country% Correct
Germany
100%
India
100%
Italy
100%
Spain
100%
United Kingdom
100%
United States
100%
Brazil
93%
France
93%
Mexico
93%
Russia
93%
Argentina
80%
Turkey
80%
Belgium
67%
Netherlands
67%
Sweden
60%
Colombia
53%
Iran
53%
Indonesia
47%
Czechia
40%
Serbia
33%
Slovenia
33%
Croatia
27%
Israel
27%
Bahrain
13%
Estonia
13%
Georgia
13%
Latvia
13%
Lithuania
13%

Score Distribution

Percentile by Number Answered

Percent of People with Each Score

Your Score History

You have not taken this quiz